| 000 | 01227nam a22002657a 4500 | ||
|---|---|---|---|
| 999 |
_c15881 _d15881 |
||
| 003 | AR-CdUCM | ||
| 008 | 190430b ||||| |||| 00| 0 spa d | ||
| 040 |
_aMUNICIPALIDAD PROVINCIAL DEL CUSCO _cBIBLIOTECA MUNICIPAL DEL CUSCO |
||
| 082 |
_a869.56/AP64 _bAP64 |
||
| 100 |
_aAparicio Flores, Manuel Ollanta _935077 |
||
| 245 |
_aCusco Sismo 86 : _bEvaluación de inmuebles del centro historico / _cManuel Ollanta Aparicio Flores, Ernesto Marmanillo Casapino |
||
| 260 |
_aCusco : _bInstituto Nacional de Cultura, _bPantigozo, _c1989. |
||
| 300 |
_a103 paginas ; _bIlustraciones, graficos, dibujos, planos, _c29 cm. |
||
| 505 | _aContenido: generalidades -- planeamiento del programa de evaluacion -- identificación del sector de trabajo -- tipificación de daños -- determinacin de intervenciones... | ||
| 650 |
_aSismo _935078 |
||
| 650 |
_aInmuebles _932587 |
||
| 650 |
_aArquitectura civil _946765 |
||
| 650 |
_aMonumentos históricos _96891 |
||
| 650 |
_aMovimientos sísmicos _946766 |
||
| 650 |
_aCentro histórico Cusco _946767 |
||
| 700 |
_aMarmanillo Casapino, Ernesto _935079 |
||
| 856 |
_uhttp://bvirtual.culturacusco.gob.pe/items/show/147 _zLeer en digital |
||
| 942 |
_2ddc _cLIBROS |
||
| 945 |
_apjha _d2019-04-30 |
||